[Event "IIFL Wealth  4th Mumbai Junior U-13"]
[Site "Mumbai"]
[Date "2019.01.07"]
[Round "9"]
[White "Mayank Chakraborty"]
[Black "Adireddy Tarun"]
[Result "1-0"]
[WhiteElo "1691"]
[BlackElo "1553"]
[Annotator "NA RC"]
[PlyCount "81"]
[EventDate "2018.12.30"]
[EventType "swiss"]
[EventCountry "IND"]
[SourceTitle "playchess.com"]
[Source "ChessBase"]
[SourceQuality "1"]
[TimeControl "40/5400+30:1800+30"]

1. e4 {[%emt 0:00:00]} e5 {[%emt 0:00:50]} 2. Nf3 {[%emt 0:00:00]} Nc6 {[%emt 0:00:09]} 3. Bb5 {[%emt 0:00:00]} a6 {[%emt 0:00:09]} 4. Ba4 {[%emt 0:00:05]} g6 {[%emt 0:00:05]} 5. c3 {[%emt 0:00:54]} Bg7 {[%emt 0:00:03]} 6. d4 {[%emt 0:00:39]} exd4 {[%emt 0:00:15]} 7. cxd4 {[%emt 0:00:08]} b5 {[%emt 0:00:04]} 8. Bb3 {[%emt 0:01:17]} Nge7 {[%emt 0:00:09]} 9. O-O {[%emt 0:00:25]} O-O {[%emt 0:00:05]} 10. Nc3 {[%emt 0:00:58]} d6 {[%emt 0:00:09]} 11. h3 {[%emt 0:00:51]} Na5 {[%emt 0:00:05]} 12. Bc2 {[%emt 0:00:12]} c5 {[%emt 0:00:07]} 13. Bg5 {[%emt 0:02:19]} h6 {[%emt 0:01:15]} 14. Bf4 {[%emt 0:01:23]} Nb7 {[%emt 0:18:16]} 15. Qd2 {[%emt 0:01:44]} g5 {[%emt 0:00:17]} 16. Be3 {[%emt 0:00:40]} Nc6 {[%emt 0:02:25]} 17. Rad1 {[%emt 0:02:51]} c4 {[%emt 0:14:39]} 18. a4 {[%emt 0:05:11]} f5 {[%emt 0:08:48]} 19. exf5 {[%emt 0:03:06]} Bxf5 {[%emt 0:01:24]} 20. Bxf5 {[%emt 0:00:11]} Rxf5 {[%emt 0:00:02]} 21. d5 {[%emt 0:01:03]} Ne7 {[%emt 0:02:06]} 22. axb5 {[%emt 0:01:06]} axb5 {[%emt 0:01:07]} 23. Nxb5 {[%emt 0:01:04]} Nxd5 {[%emt 0:05:04]} 24. Nbd4 Rf7 25. Ne6 Nxe3 26. Nxd8 Nxf1 27. Rxf1 Rxd8 28. Qd5 Rc8 29. Re1 Kf8 30. Qe6 Rfc7 31. Qf5+ Kg8 32. Qg6 Kf8 33. Re3 Ra8 34. Nd4 Ra1+ 35. Kh2 Be5+ 36. g3 Rf7 37. Ne6+ Ke7 38. f4 Rf6 39. Qg8 Rf7 40. Qc8 Nc5 {[%emt 0:00:00]} 41. Nxc5 {[%emt 0:23:28]} 1-0

[Event "IIFL Wealth  4th Mumbai Junior U-13"]
[Site "Mumbai"]
[Date "2019.01.07"]
[Round "9"]
[White "Pawar, Harshit"]
[Black "Shravan Swaminathan"]
[Result "1-0"]
[WhiteElo "1671"]
[BlackElo "1569"]
[Annotator "NA RC"]
[PlyCount "69"]
[EventDate "2018.12.30"]
[EventType "swiss"]
[EventCountry "IND"]
[SourceTitle "playchess.com"]
[Source "ChessBase"]
[SourceQuality "1"]
[TimeControl "40/5400+30:1800+30"]

1. e4 {[%emt 0:00:45]} c6 {[%emt 0:00:00]} 2. Bc4 {[%emt 0:01:20]} d5 {[%emt 0:00:06]} 3. Bb3 {[%emt 0:01:52]} e6 {[%emt 0:02:59]} 4. e5 {[%emt 0:06:05]} c5 {[%emt 0:08:31]} 5. c3 {[%emt 0:03:47]} Nc6 {[%emt 0:03:29]} 6. Nf3 {[%emt 0:02:28]} Nge7 {[%emt 0:06:05]} 7. O-O {[%emt 0:03:09]} Bd7 {[%emt 0:20:21]} 8. Re1 {[%emt 0:05:56]} Qb6 {[%emt 0:04:16]} 9. d3 {[%emt 0:03:41]} Ng6 {[%emt 0:05:40]} 10. Nbd2 {[%emt 0:03:40]} Be7 {[%emt 0:03:06]} 11. Nf1 {[%emt 0:07:38]} O-O-O {[%emt 0:03:08]} 12. d4 Rdg8 {[%emt 0:07:21]} 13. Be3 {[%emt 0:09:39]} h5 {[%emt 0:04:25]} 14. h3 {[%emt 0:05:27]} Nf8 {[%emt 0:10:14]} 15. dxc5 {[%emt 0:11:46]} Bxc5 {[%emt 0:01:28]} 16. Ng5 {[%emt 0:00:43]} Nd8 {[%emt 0:04:54]} 17. Qf3 {[%emt 0:03:44]} Be8 {[%emt 0:05:26]} 18. h4 {[%emt 0:02:14]} Nd7 {[%emt 0:00:51]} 19. Bxc5 {[%emt 0:05:12]} Qxc5 {[%emt 0:01:27]} 20. Ng3 {[%emt 0:00:34]} Qe7 {[%emt 0:02:21]} 21. Rad1 {[%emt 0:01:51]} f6 {[%emt 0:00:32]} 22. exf6 {[%emt 0:02:29]} gxf6 {[%emt 0:00:05]} 23. Nf5 {[%emt 0:00:59]} Qf8 {[%emt 0:01:05]} 24. Nxe6 {[%emt 0:00:41]} Nxe6 {[%emt 0:00:11]} 25. Rxe6 {[%emt 0:00:17]} Ne5 {[%emt 0:00:52]} 26. Qe3 {[%emt 0:06:33]} Bd7 {[%emt 0:02:49]} 27. Ne7+ {[%emt 0:02:57]} Kd8 {[%emt 0:00:39]} 28. Rxd5 {[%emt 0:01:09]} Rg7 29. Qxa7 {[%emt 0:01:56]} Kc7 {[%emt 0:01:15]} 30. Rc5+ {[%emt 0:02:28]} Bc6 {[%emt 0:00:15]} 31. Rcxc6+ {[%emt 0:01:53]} Nxc6 {[%emt 0:00:12]} 32. Rxc6+ {[%emt 0:00:20]} Kd8 {[%emt 0:00:01]} 33. Rc8+ {[%emt 0:00:51]} Kxe7 {[%emt 0:00:24]} 34. Qc5+ {[%emt 0:00:10]} Kd7 {[%emt 0:00:05]} 35. Qc7# {[%emt 0:00:04] Qd8} 1-0

[Event "IIFL Wealth  4th Mumbai Junior U-13"]
[Site "Mumbai"]
[Date "2019.01.07"]
[Round "9"]
[White "Makwana Devam"]
[Black "Bhagyashree G Patil"]
[Result "1-0"]
[WhiteElo "1617"]
[BlackElo "1215"]
[Annotator "NA RC"]
[PlyCount "87"]
[EventDate "2018.12.30"]
[EventType "swiss"]
[EventCountry "IND"]
[SourceTitle "playchess.com"]
[Source "ChessBase"]
[SourceQuality "1"]
[TimeControl "40/5400+30:1800+30"]

1. e4 {[%emt 0:00:05]} d5 {[%emt 0:00:00]} 2. exd5 {[%emt 0:00:31]} Nf6 {[%emt 0:00:00]} 3. d4 {[%emt 0:00:03]} Nxd5 {[%emt 0:00:13]} 4. c4 {[%emt 0:00:27]} Nf6 {[%emt 0:00:17]} 5. Nc3 {[%emt 0:00:20]} Bf5 {[%emt 0:00:59]} 6. Nf3 {[%emt 0:00:25]} e6 {[%emt 0:00:20]} 7. Qb3 {[%emt 0:02:15]} Qc8 {[%emt 0:00:50]} 8. Bf4 {[%emt 0:00:30]} c6 {[%emt 0:00:56]} 9. Be2 {[%emt 0:05:47]} Be7 {[%emt 0:06:07]} 10. O-O {[%emt 0:00:27]} O-O {[%emt 0:01:37]} 11. Rfd1 {[%emt 0:02:53]} Nbd7 {[%emt 0:14:24]} 12. a4 Rd8 {[%emt 0:12:32]} 13. Rac1 {[%emt 0:02:30]} Nb6 {[%emt 0:09:29]} 14. a5 {[%emt 0:01:07]} Nbd7 {[%emt 0:00:08]} 15. Qa4 {[%emt 0:07:08]} a6 {[%emt 0:15:25]} 16. b4 {[%emt 0:02:14]} h6 {[%emt 0:09:03]} 17. h3 {[%emt 0:02:42]} Re8 {[%emt 0:03:05]} 18. d5 {[%emt 0:04:45]} c5 {[%emt 0:01:40]} 19. b5 {[%emt 0:02:19]} Bf8 {[%emt 0:04:17]} 20. dxe6 {[%emt 0:01:09]} fxe6 {[%emt 0:02:38]} 21. Ne5 {[%emt 0:02:52]} Nxe5 {[%emt 0:04:04]} 22. Bxe5 {[%emt 0:01:04]} Ne4 {[%emt 0:01:46]} 23. Bf3 {[%emt 0:01:37]} Nxc3 {[%emt 0:01:42]} 24. Bxc3 {[%emt 0:00:14]} Rd8 {[%emt 0:03:42]} 25. Rxd8 {[%emt 0:01:38]} Qxd8 {[%emt 0:00:14]} 26. Bxb7 {[%emt 0:00:18]} Rb8 {[%emt 0:00:30]} 27. bxa6 {[%emt 0:00:16]} Qg5 {[%emt 0:00:30]} 28. Re1 {[%emt 0:02:47]} Bxh3 {[%emt 0:01:00]} 29. Qc6 {[%emt 0:00:18]} Bf5 {[%emt 0:03:17]} 30. a7 {[%emt 0:00:11]} Rd8 {[%emt 0:00:28]} 31. Bc8 {[%emt 0:00:38]} Bd6 {[%emt 0:01:07]} 32. a8=Q {[%emt 0:00:27]} Qh4 {[%emt 0:00:26]} 33. g3 {[%emt 0:00:26]} Bxg3 {[%emt 0:00:30]} 34. fxg3 {[%emt 0:00:08]} Qxg3+ {[%emt 0:00:06]} 35. Qg2 {[%emt 0:00:11]} Qxc3 {[%emt 0:00:33]} 36. Bxe6+ {[%emt 0:00:07]} Bxe6 {[%emt 0:00:22]} 37. Qxd8+ {[%emt 0:00:04]} Kh7 {[%emt 0:00:04]} 38. Qe4+ {[%emt 0:00:45]} g6 {[%emt 0:00:17]} 39. Qb7+ {[%emt 0:00:08]} Qg7 {[%emt 0:00:08]} 40. Qxg7+ {[%emt 0:00:00]} Kxg7 {[%emt 0:00:00]} 41. Rxe6 {[%emt 0:00:05]} h5 {[%emt 0:00:11]} 42. Qf6+ {[%emt 0:00:03]} Kh7 {[%emt 0:00:13]} 43. Qxg6+ {[%emt 0:00:04]} Kh8 {[%emt 0:00:04]} 44. Re8# {[%emt 0:00:05]} 1-0

[Event "IIFL Wealth  4th Mumbai Junior U-13"]
[Site "Mumbai"]
[Date "2019.01.07"]
[Round "9"]
[White "Laddha, Shubh Jayesh"]
[Black "Potawad Anirudhha"]
[Result "1/2-1/2"]
[WhiteElo "1567"]
[BlackElo "1849"]
[Annotator "NA RC"]
[PlyCount "74"]
[EventDate "2018.12.30"]
[EventType "swiss"]
[EventCountry "IND"]
[SourceTitle "playchess.com"]
[Source "ChessBase"]
[SourceQuality "1"]
[TimeControl "40/5400+30:1800+30"]

{[%evp 27,74,-57,-25,32767,32767,-89,-36,-78,-57,-61,-60,32767,32767,22,20,32767,0,0,0,0,32767,32767,32767,32767,23,37,66,81,74,77,70,10,47,50,113,101,90,95,104,83,92,97,106,0,32767,32767,32767,32767,101]} 1. e4 {[%emt 0:00:00]} e5 {[%emt 0:07:49]} 2. Nf3 {[%emt 0:00:00]} Nc6 {[%emt 0:00:17]} 3. Bb5 {[%emt 0:00:00]} Nf6 {[%emt 0:00:38]} 4. O-O {[%emt 0:00:00]} Nxe4 {[%emt 0:00:06]} 5. d4 {[%emt 0:00:01]} Nd6 {[%emt 0:00:06]} 6. Bxc6 {[%emt 0:00:06]} dxc6 {[%emt 0:00:02]} 7. dxe5 {[%emt 0:00:09]} Nf5 {[%emt 0:00:01]} 8. Qxd8+ {[%emt 0:00:12]} Kxd8 {[%emt 0:00:02]} 9. Nc3 {[%emt 0:00:11]} h6 {[%emt 0:02:42]} 10. h3 {[%emt 0:03:01]} Be7 {[%emt 0:08:12] C67: Ruy Lopez: Berlin Defence: 4 0-0 Nxe4} (10... Bd7 11. b3 Kc8 12. Bb2 b6 13. Rad1 Ne7 14. Ne4 c5 15. Rfe1 Be6 16. c4 Nc6 17. Ng3 a6 18. Nh5 g5 19. g4 b5 20. Nd2 {1-0 (58) Duda,J (2737)-Karjakin,S (2773) chess.com INT 2018}) 11. Bf4 {[%emt 0:12:01]} Be6 {[%emt 0:03:57]} 12. Rad1+ {[%emt 0:04:10]} Kc8 {[%emt 0:01:17]} 13. a3 {[%emt 0:08:02]} a5 {[%emt 0:04:55]} 14. Rd2 $146 {[%emt 0:06:00]} ({Predecessor:} 14. g4 $11 Nh4 15. Nxh4 Bxh4 16. Kg2 Be7 17. Ne2 a4 18. Nd4 Ra5 {0-1 (50) Cheparinov,I (2478)-Komljenovic,D (2431) Seville 2003}) 14... b6 {[%emt 0:06:55]} 15. Rfd1 {[%emt 0:03:38]} Kb7 {[%emt 0:03:26]} 16. Ne2 {[%emt 0:09:49]} Bd5 {[%emt 0:11:11]} 17. Ned4 {[%emt 0:04:07]} Nxd4 {[%emt 0:03:54]} 18. Nxd4 {[%emt 0:00:19]} g6 {[%emt 0:02:02]} 19. Re1 {[%emt 0:09:33]} Bg5 {[%emt 0:09:19]} 20. Bxg5 {[%emt 0:02:17]} hxg5 {[%emt 0:00:44]} 21. e6 {[%emt 0:18:16]} c5 {[%emt 0:04:48]} 22. Nf3 {[%emt 0:04:02]} Bxf3 {[%emt 0:02:33]} 23. gxf3 {[%emt 0:00:05]} Rae8 {[%emt 0:10:12]} 24. e7 {[%emt 0:02:09]} Rxh3 {[%emt 0:02:11]} 25. Rd8 {[%emt 0:02:43]} Rhh8 {[%emt 0:00:22]} 26. Red1 {[%emt 0:00:17]} Kc6 {[%emt 0:02:09]} 27. b3 {[%emt 0:05:33]} b5 {[%emt 0:02:34]} 28. c3 {[%emt 0:00:24]} f5 {[%emt 0:01:45]} 29. b4 {[%emt 0:01:18]} ({White should try} 29. R1d2 $14) 29... axb4 {[%emt 0:02:13]} 30. axb4 {[%emt 0:00:07]} cxb4 {[%emt 0:01:40]} (30... f4 $14) 31. cxb4 {[%emt 0:00:05]} Kb6 {[%emt 0:00:11]} 32. Kg2 {[%emt 0:00:23]} f4 {[%emt 0:01:07]} 33. R1d2 {[%emt 0:00:36]} Kc6 {[%emt 0:00:36]} 34. Rc2+ {[%emt 0:00:31]} Kb6 {[%emt 0:00:40] [#]} 35. Rcd2 {[%emt 0:00:03]} (35. Rd7 $1 $16 {[%cal Rd7c7]} Rc8 36. Re2) 35... Kc6 {[%emt 0:01:15]} 36. Rc2+ {[%emt 0:00:05]} Kb6 {[%emt 0:00:08]} 37. Rcd2 {[%emt 0:00:15]} Kc6 $16 {[%emt 0:01:10]} 1/2-1/2

[Event "IIFL Wealth  4th Mumbai Junior U-13"]
[Site "Mumbai"]
[Date "2019.01.07"]
[Round "9"]
[White "Sarvade Mihiir"]
[Black "Vishal Shewale"]
[Result "0-1"]
[WhiteElo "1563"]
[BlackElo "1287"]
[Annotator "NA RC"]
[PlyCount "96"]
[EventDate "2018.12.30"]
[EventType "swiss"]
[EventCountry "IND"]
[SourceTitle "playchess.com"]
[Source "ChessBase"]
[SourceQuality "1"]
[TimeControl "40/5400+30:1800+30"]

1. d4 {[%emt 0:04:48]} Nf6 {[%emt 0:00:00]} 2. c4 {[%emt 0:00:05]} g6 {[%emt 0:00:00]} 3. Nc3 {[%emt 0:00:04]} Bg7 {[%emt 0:00:03]} 4. e4 {[%emt 0:00:05]} d6 {[%emt 0:00:05]} 5. Nf3 {[%emt 0:00:19]} O-O {[%emt 0:00:33]} 6. Be2 {[%emt 0:00:03]} Na6 {[%emt 0:00:08]} 7. Bg5 {[%emt 0:00:26]} Qe8 {[%emt 0:02:24]} 8. O-O {[%emt 0:13:23]} e5 {[%emt 0:03:54]} 9. d5 {[%emt 0:10:47]} Nc5 {[%emt 0:05:49]} 10. Nd2 {[%emt 0:07:14]} a5 {[%emt 0:04:17]} 11. b3 {[%emt 0:03:47]} h6 {[%emt 0:05:27]} 12. Be3 {[%emt 0:12:52]} Nfd7 {[%emt 0:00:36]} 13. a3 {[%emt 0:01:19]} f5 {[%emt 0:01:13]} 14. f3 {[%emt 0:00:31]} f4 {[%emt 0:00:42]} 15. Bf2 {[%emt 0:00:35]} g5 {[%emt 0:02:31]} 16. b4 {[%emt 0:00:50]} Na6 {[%emt 0:00:14]} 17. Nb3 {[%emt 0:06:19]} a4 {[%emt 0:05:49]} 18. Nxa4 {[%emt 0:10:49]} Nf6 {[%emt 0:00:39]} 19. Nb2 {[%emt 0:12:45]} Qg6 {[%emt 0:06:34]} 20. c5 {[%emt 0:03:29]} g4 {[%emt 0:01:25]} 21. Qe1 {[%emt 0:02:42]} Nh5 {[%emt 0:03:37]} 22. fxg4 {[%emt 0:03:38]} Bxg4 {[%emt 0:00:09]} 23. Bxg4 {[%emt 0:01:45]} Qxg4 {[%emt 0:00:09]} 24. Kh1 {[%emt 0:00:56]} f3 {[%emt 0:01:26]} 25. g3 {[%emt 0:00:46]} Nf4 {[%emt 0:00:23]} 26. Nc1 {[%emt 0:01:29]} Ne2 {[%emt 0:02:42]} 27. Nxe2 {[%emt 0:00:49]} fxe2 {[%emt 0:00:07]} 28. Rg1 {[%emt 0:00:24]} Qxe4+ {[%emt 0:00:08]} 29. Rg2 {[%emt 0:00:04]} Nxb4 {[%emt 0:00:47]} 30. Bg1 {[%emt 0:01:23]} Rf1 {[%emt 0:00:20]} 31. Qxe2 {[%emt 0:00:13]} Qxe2 {[%emt 0:00:23]} 32. Rxe2 {[%emt 0:00:14]} Rxa1 {[%emt 0:00:05]} 33. axb4 R8a2 {[%emt 0:00:10]} 34. cxd6 {[%emt 0:00:16]} cxd6 {[%emt 0:00:08]} 35. Rg2 {[%emt 0:00:16]} Rb1 {[%emt 0:00:31]} 36. Nc4 {[%emt 0:00:05]} Rxg2 {[%emt 0:00:24]} 37. Kxg2 {[%emt 0:00:03]} Bf8 {[%emt 0:00:07]} 38. Ne3 {[%emt 0:01:04]} Rxb4 {[%emt 0:00:24]} 39. Nf5 {[%emt 0:00:06]} Kf7 {[%emt 0:00:36]} 40. Be3 {[%emt 0:00:00]} h5 {[%emt 0:00:00]} 41. h3 {[%emt 0:00:14]} Kf6 {[%emt 0:00:34]} 42. Nh4 {[%emt 0:00:07]} Rb5 {[%emt 0:00:31]} 43. g4 {[%emt 0:00:11]} hxg4 {[%emt 0:00:40]} 44. hxg4 {[%emt 0:00:01]} Rxd5 {[%emt 0:00:50]} 45. g5+ {[%emt 0:00:03]} Kg7 {[%emt 0:00:06]} 46. Nf5+ {[%emt 0:00:13]} Kg8 {[%emt 0:00:19]} 47. g6 {[%emt 0:00:14]} e4 {[%emt 0:00:34]} 48. Ng3 {[%emt 0:01:37]} Kg7 {[%emt 0:01:35]} 0-1

[Event "IIFL Wealth  4th Mumbai Junior U-13"]
[Site "Mumbai"]
[Date "2019.01.07"]
[Round "9"]
[White "Bajaj Prakhar"]
[Black "Bagwe Gaurang"]
[Result "1-0"]
[WhiteElo "1551"]
[BlackElo "1768"]
[Annotator "NA RC"]
[PlyCount "117"]
[EventDate "2018.12.30"]
[EventType "swiss"]
[EventCountry "IND"]
[SourceTitle "playchess.com"]
[Source "ChessBase"]
[SourceQuality "1"]
[TimeControl "40/5400+30:1800+30"]

1. d4 {[%emt 0:00:00]} d5 {[%emt 0:04:39]} 2. Nf3 {[%emt 0:00:52]} Nf6 {[%emt 0:00:37]} 3. Bf4 {[%emt 0:00:25]} e6 {[%emt 0:00:49]} 4. e3 {[%emt 0:00:22]} Be7 {[%emt 0:04:59]} 5. Bd3 {[%emt 0:01:17]} O-O {[%emt 0:02:52]} 6. Nbd2 {[%emt 0:01:24]} Nbd7 {[%emt 0:00:26]} 7. Ne5 {[%emt 0:04:00]} Nxe5 {[%emt 0:06:55]} 8. dxe5 {[%emt 0:01:20]} Nd7 {[%emt 0:01:06]} 9. Nf3 {[%emt 0:16:33]} f6 {[%emt 0:14:08]} 10. h4 {[%emt 0:11:38]} h6 {[%emt 0:04:32]} 11. Bg6 {[%emt 0:19:57]} fxe5 {[%emt 0:06:47]} 12. Nxe5 {[%emt 0:16:27]} Nxe5 {[%emt 0:00:31]} 13. Bxe5 {[%emt 0:00:15]} Bxh4 {[%emt 0:00:48]} 14. g3 {[%emt 0:08:52]} Bf6 {[%emt 0:00:34]} 15. Bf4 {[%emt 0:06:44]} Bg5 {[%emt 0:18:27]} 16. Qd3 {[%emt 0:02:15]} Qe7 {[%emt 0:06:06]} 17. O-O-O {[%emt 0:00:52]} c6 {[%emt 0:01:02]} 18. Bxg5 {[%emt 0:00:36]} Qxg5 {[%emt 0:00:27]} 19. f4 {[%emt 0:00:01]} Qe7 {[%emt 0:04:10]} 20. g4 {[%emt 0:00:46]} e5 {[%emt 0:02:47]} 21. g5 {[%emt 0:00:41]} exf4 {[%emt 0:00:40]} 22. exf4 {[%emt 0:00:19]} Rxf4 {[%emt 0:00:24]} 23. gxh6 {[%emt 0:00:34]} Qg5 {[%emt 0:05:58]} 24. Qe3 {[%emt 0:00:32]} Bg4 {[%emt 0:01:01]} 25. h7+ {[%emt 0:02:21]} Kh8 {[%emt 0:00:17]} 26. Rde1 {[%emt 0:00:01]} Raf8 {[%emt 0:01:25]} 27. Bd3 {[%emt 0:00:43]} d4 {[%emt 0:01:13]} 28. Qd2 {[%emt 0:00:32]} Qf6 {[%emt 0:00:39]} 29. Qb4 {[%emt 0:00:27]} b6 {[%emt 0:01:34]} 30. Qb3 {[%emt 0:01:13]} Rf3 {[%emt 0:02:03]} 31. Qg8+ {[%emt 0:01:28]} Rxg8 {[%emt 0:00:09]} 32. hxg8=Q+ {[%emt 0:00:03]} Kxg8 {[%emt 0:00:22]} 33. Bc4+ {[%emt 0:00:01]} Be6 {[%emt 0:00:34]} 34. Rxe6 {[%emt 0:00:34]} Qg5+ {[%emt 0:01:19]} 35. Kb1 {[%emt 0:00:20]} Qd5 {[%emt 0:06:16]} 36. Bxd5 {[%emt 0:00:11]} cxd5 {[%emt 0:00:09]} 37. Rd6 {[%emt 0:00:27]} Rf5 {[%emt 0:00:12]} 38. b3 {[%emt 0:00:11]} g5 {[%emt 0:00:05]} 39. Rd7 {[%emt 0:00:26]} g4 {[%emt 0:00:20]} 40. Rg1 {[%emt 0:00:00]} Rg5 {[%emt 0:00:00]} 41. Kc1 {[%emt 0:00:48]} g3 {[%emt 0:00:14]} 42. Kd2 {[%emt 0:00:07]} g2 {[%emt 0:00:11]} 43. Re7 {[%emt 0:00:21]} b5 {[%emt 0:00:52]} 44. Re2 {[%emt 0:01:00]} a5 {[%emt 0:00:06]} 45. Rexg2 {[%emt 0:00:04]} Rxg2+ {[%emt 0:00:01]} 46. Rxg2+ {[%emt 0:00:01]} Kf7 {[%emt 0:00:01]} 47. Kd3 {[%emt 0:00:24]} a4 {[%emt 0:00:18]} 48. Kxd4 {[%emt 0:00:06]} axb3 {[%emt 0:00:02]} 49. axb3 {[%emt 0:00:05]} Ke6 {[%emt 0:00:13]} 50. Rg5 {[%emt 0:00:06]} b4 {[%emt 0:00:04]} 51. Rxd5 {[%emt 0:00:04]} Ke7 {[%emt 0:00:06]} 52. Kc4 {[%emt 0:00:06]} Ke6 {[%emt 0:00:07]} 53. Rd3 {[%emt 0:00:04]} Ke5 {[%emt 0:00:06]} 54. Kxb4 {[%emt 0:00:03]} Ke4 {[%emt 0:00:01]} 55. Kc4 {[%emt 0:00:08]} Ke5 {[%emt 0:00:01]} 56. b4 {[%emt 0:00:05]} Ke4 {[%emt 0:00:09]} 57. b5 {[%emt 0:00:13]} Kf4 {[%emt 0:00:09]} 58. b6 {[%emt 0:00:03]} Ke4 {[%emt 0:00:05]} 59. b7 {[%emt 0:00:04] Kd5+} 1-0

[Event "IIFL Wealth  4th Mumbai Junior U-13"]
[Site "Mumbai"]
[Date "2019.01.07"]
[Round "9"]
[White "Mahi Amit Doshi"]
[Black "Tambe Shardul"]
[Result "1/2-1/2"]
[WhiteElo "1551"]
[BlackElo "1250"]
[Annotator "NA RC"]
[PlyCount "93"]
[EventDate "2018.12.30"]
[EventType "swiss"]
[EventCountry "IND"]
[SourceTitle "playchess.com"]
[Source "ChessBase"]
[SourceQuality "1"]
[TimeControl "40/5400+30:1800+30"]

1. d4 {[%emt 0:04:40]} d5 {[%emt 0:00:00]} 2. Bf4 {[%emt 0:00:16]} Nf6 {[%emt 0:00:31]} 3. e3 {[%emt 0:00:22]} e6 {[%emt 0:00:55]} 4. Nf3 {[%emt 0:01:09]} c5 {[%emt 0:00:56]} 5. c3 {[%emt 0:00:03]} Nc6 {[%emt 0:00:37]} 6. Nbd2 {[%emt 0:00:27]} Be7 {[%emt 0:05:53]} 7. h3 {[%emt 0:00:35]} h6 {[%emt 0:00:40]} 8. Bd3 {[%emt 0:00:16]} O-O {[%emt 0:01:00]} 9. O-O {[%emt 0:00:06]} Bd6 {[%emt 0:02:11]} 10. Bxd6 {[%emt 0:00:34]} Qxd6 {[%emt 0:00:02]} 11. Re1 {[%emt 0:03:56]} e5 {[%emt 0:03:41]} 12. dxe5 {[%emt 0:00:37]} Nxe5 {[%emt 0:00:22]} 13. Nxe5 {[%emt 0:00:03]} Qxe5 {[%emt 0:00:01]} 14. Nf3 {[%emt 0:00:02]} Qc7 {[%emt 0:01:36]} 15. Qc2 {[%emt 0:07:30]} Re8 {[%emt 0:06:37]} 16. Rad1 {[%emt 0:01:14]} Bd7 {[%emt 0:03:26]} 17. c4 {[%emt 0:09:46]} dxc4 {[%emt 0:06:35]} 18. Bxc4 {[%emt 0:00:23]} b5 {[%emt 0:03:14]} 19. Bd5 {[%emt 0:01:30]} Rac8 {[%emt 0:00:42]} 20. Nh4 {[%emt 0:12:42]} Be6 {[%emt 0:21:05]} 21. Bxe6 Rxe6 {[%emt 0:00:16]} 22. Qd3 {[%emt 0:07:18]} c4 {[%emt 0:02:55]} 23. Qc2 {[%emt 0:06:58]} Qa5 {[%emt 0:06:02]} 24. a3 {[%emt 0:06:02]} c3 {[%emt 0:06:53]} 25. Nf5 {[%emt 0:04:54]} g6 {[%emt 0:11:21]} 26. Nd4 {[%emt 0:01:45]} Ree8 {[%emt 0:00:39]} 27. Ra1 {[%emt 0:08:48]} cxb2 {[%emt 0:03:06]} 28. Qxb2 {[%emt 0:00:03]} Nd7 {[%emt 0:02:55]} 29. Qxb5 {[%emt 0:00:57]} Qc7 {[%emt 0:02:17]} 30. a4 {[%emt 0:01:43]} Re5 {[%emt 0:02:12]} 31. Qd3 {[%emt 0:02:05]} Nc5 {[%emt 0:02:14]} 32. Qc3 {[%emt 0:01:11]} Ne6 {[%emt 0:01:53]} 33. Qxc7 {[%emt 0:02:04]} Rxc7 {[%emt 0:00:02]} 34. Nb5 {[%emt 0:00:25]} Rd7 {[%emt 0:00:34]} 35. Rec1 {[%emt 0:01:05]} a6 {[%emt 0:00:37]} 36. Na3 {[%emt 0:00:36]} Rc5 {[%emt 0:01:17]} 37. Rxc5 {[%emt 0:02:10]} Nxc5 {[%emt 0:00:01]} 38. Nc4 {[%emt 0:00:10]} Rb7 {[%emt 0:01:05]} 39. a5 {[%emt 0:00:54]} Nb3 {[%emt 0:01:21]} 40. Ra2 {[%emt 0:00:00]} Nc5 {[%emt 0:00:00]} 41. Kf1 {[%emt 0:02:54]} Ne4 {[%emt 0:03:01]} 42. Rb2 {[%emt 0:05:57]} Rc7 {[%emt 0:03:30]} 43. Rb4 {[%emt 0:04:02]} Rxc4 {[%emt 0:00:07]} 44. Rb6 {[%emt 0:03:30]} Kg7 {[%emt 0:02:52]} 45. Rxa6 {[%emt 0:00:07]} Ra4 {[%emt 0:00:40]} 46. Ra8 {[%emt 0:01:14]} Ra2 {[%emt 0:02:18]} 47. a6 {[%emt 0:01:41]} 1/2-1/2

[Event "IIFL Wealth  4th Mumbai Junior U-13"]
[Site "Mumbai"]
[Date "2019.01.07"]
[Round "9"]
[White "Rajbeer Ahmed"]
[Black "Sathi Akshaj Mayank"]
[Result "1-0"]
[WhiteElo "1550"]
[BlackElo "1194"]
[Annotator "NA RC"]
[PlyCount "99"]
[EventDate "2018.12.30"]
[EventType "swiss"]
[EventCountry "IND"]
[SourceTitle "playchess.com"]
[Source "ChessBase"]
[SourceQuality "1"]
[TimeControl "40/5400+30:1800+30"]

1. d4 {[%emt 0:00:00]} Nf6 {[%emt 0:00:00]} 2. Nf3 {[%emt 0:00:00]} g6 {[%emt 0:00:02]} 3. g3 {[%emt 0:00:00]} Bg7 {[%emt 0:01:28]} 4. Bg2 {[%emt 0:00:00]} O-O {[%emt 0:00:30]} 5. O-O {[%emt 0:00:50]} d6 {[%emt 0:00:30]} 6. Nbd2 {[%emt 0:02:41]} Nbd7 {[%emt 0:06:35]} 7. c3 {[%emt 0:03:17]} Nb6 {[%emt 0:04:20]} 8. e4 {[%emt 0:00:43]} Re8 {[%emt 0:01:18]} 9. e5 {[%emt 0:01:42]} dxe5 {[%emt 0:01:01]} 10. Nxe5 {[%emt 0:00:23]} c6 {[%emt 0:09:47]} 11. Ndf3 {[%emt 0:00:53]} Nfd7 {[%emt 0:13:28]} 12. Nxf7 {[%emt 0:01:52]} Qc7 {[%emt 0:11:29]} 13. Bf4 {[%emt 0:01:26]} e5 {[%emt 0:00:31]} 14. N7xe5 {[%emt 0:07:27]} Nxe5 {[%emt 0:03:42]} 15. Nxe5 {[%emt 0:02:29]} Qe7 {[%emt 0:02:47]} 16. Re1 {[%emt 0:02:24]} Qf8 {[%emt 0:00:33]} 17. Nd3 {[%emt 0:05:37]} Rd8 {[%emt 0:09:04]} 18. Bc7 {[%emt 0:10:23]} Re8 {[%emt 0:02:16]} 19. Rxe8 {[%emt 0:00:56]} Qxe8 {[%emt 0:00:05]} 20. Be5 {[%emt 0:02:59]} Bf8 {[%emt 0:04:48]} 21. Qf3 {[%emt 0:04:37]} Bg7 {[%emt 0:02:25]} 22. Bxg7 {[%emt 0:00:42]} Kxg7 {[%emt 0:00:18]} 23. Re1 {[%emt 0:00:19]} Qd7 {[%emt 0:01:54]} 24. Nf4 {[%emt 0:04:18]} Qf7 {[%emt 0:09:46]} 25. d5 {[%emt 0:04:23]} cxd5 {[%emt 0:06:15]} 26. Nxd5 {[%emt 0:00:39]} Be6 {[%emt 0:02:37]} 27. Qxf7+ {[%emt 0:01:04]} Bxf7 {[%emt 0:00:13]} 28. Nxb6 {[%emt 0:00:15]} axb6 {[%emt 0:00:09]} 29. a3 {[%emt 0:00:08]} Rd8 {[%emt 0:02:10]} 30. Bxb7 {[%emt 0:00:13]} Rd2 {[%emt 0:00:06]} 31. b4 {[%emt 0:00:36]} Ra2 {[%emt 0:00:23]} 32. Re7 {[%emt 0:00:47]} Kf8 {[%emt 0:00:18]} 33. Rxf7+ {[%emt 0:00:14]} Kxf7 {[%emt 0:00:13]} 34. Bd5+ {[%emt 0:00:03]} Kf6 {[%emt 0:00:10]} 35. Bxa2 {[%emt 0:00:04]} Ke5 {[%emt 0:01:05]} 36. a4 {[%emt 0:00:14]} Kd6 {[%emt 0:00:24]} 37. c4 {[%emt 0:00:08]} Kc6 {[%emt 0:00:42]} 38. f4 {[%emt 0:00:07]} Kd6 {[%emt 0:00:53]} 39. g4 {[%emt 0:00:04]} Ke7 {[%emt 0:00:06]} 40. h4 {[%emt 0:00:00]} Kf6 {[%emt 0:00:00]} 41. a5 {[%emt 0:00:12]} Ke7 {[%emt 0:00:12]} 42. a6 {[%emt 0:00:03]} Kd7 {[%emt 0:00:05]} 43. a7 {[%emt 0:00:04]} Kc7 {[%emt 0:00:04]} 44. a8=Q Kd6 {[%emt 0:00:19]} 45. Qd5+ {[%emt 0:00:12]} Ke7 {[%emt 0:00:05]} 46. c5 {[%emt 0:00:04]} bxc5 {[%emt 0:00:14]} 47. bxc5 {[%emt 0:00:05]} Ke8 {[%emt 0:00:00]} 48. c6 {[%emt 0:00:11]} Ke7 {[%emt 0:00:09]} 49. Qd7+ {[%emt 0:00:06]} Kf6 {[%emt 0:00:36]} 50. Qf7# {[%emt 0:00:05]} 1-0